000 00627nam a22001337a 4500
040 _cRUA
082 _aAVM MOR 2010 B095 Or.1
100 _aMORN TET
245 _aStudy of semen quality of boar at preksamrong farm of c.p co., ltd, (សិក្សាពីគុណភាពទឹកកាមជ្រូកបា នៅកសិដ្ឋាន ព្រែកសំរោងរបស់ ក្រុមហ៊ុន ស៊ី.ភី)
260 _aphnom penh
_brua
_c2010
300 _axiii, 45p.
_bill.
_c29cm.
856 _uhttps://drive.google.com/file/d/1-FqCR6Kob3kiEJsM4_d0Egxm-Zbh9ZP8/view?usp=sharing
942 _cAVM
999 _c2465
_d2465